000 00415nmm a2200145Ia 4500
008 251105s9999||||xx |||||||||||||||||und||
041 _aspa
100 _aBenedetti, Mario
245 0 _aLa noche de los feos
264 _a[Santiago de Chile, Chile] :
_bPatagonia,
_c2012
300 _a25 páginas
650 _aLatin American narrative
856 _uhttps://public.digitaliapublishing.com/a/23675
942 _cCF
999 _c104656
_d104656